|
|
|
|
| LEADER |
00000cam a2200000 4500 |
| 001 |
vtls012249429 |
| 003 |
SK-MaSNL |
| 005 |
20260302045819.0 |
| 008 |
240201s2023 xo frn 000 0 slo |
| 015 |
|
|
|a SNBA2024/07
|
| 020 |
|
|
|a 9788055531847
|q (brožované)
|
| 040 |
|
|
|a SNK
|b slo
|c SNK
|e rda
|
| 041 |
1 |
|
|a slo
|h pol
|
| 044 |
|
|
|a xo
|c SK
|
| 072 |
|
7 |
|a 2-1
|x Prirodzená teológia. Náboženská filozofia
|2 konspekt
|
| 080 |
|
|
|a 2-1+1
|2 2011
|
| 080 |
|
|
|a 11
|2 2011
|
| 080 |
|
|
|a 21/29-1/-9
|2 2011
|
| 080 |
|
|
|a 177.75
|2 2001
|
| 080 |
|
|
|a (0:82-4)
|2 2011
|
| 100 |
1 |
|
|a Markowski, Michał Paweł,
|d 1962-
|4 aut
|9 701434
|
| 240 |
1 |
0 |
|a Pragnenie i bałwochwalstwo
|l Slovensky
|
| 245 |
1 |
0 |
|a Túžba a modloslužba
|c Michał Paweł Markowski ; preklad: Peter Kyslan, Pavol Sucharek, Miron Pukan
|
| 250 |
|
|
|a Vydanie prvé
|
| 264 |
|
1 |
|a Prešov
|b Prešovská univerzita v Prešove, Filozofická fakulta
|c 2023
|
| 300 |
|
|
|a 180 strán
|c 19 cm
|
| 336 |
|
|
|a text
|b txt
|2 rdacontent
|
| 337 |
|
|
|a bez média
|b n
|2 rdamedia
|
| 338 |
|
|
|a zväzok
|b nc
|2 rdacarrier
|
| 366 |
|
|
|e 100 kusov
|
| 490 |
1 |
|
|a Opera Philosophica
|v 44/2023
|
| 500 |
|
|
|a Preložené z poľštiny
|
| 500 |
|
|
|a Na titulnom liste nad názvom: Prešovská univerzita v Prešove, Filozofická fakulta Prešovskej univerzity v Prešove
|
| 500 |
|
|
|a Obsahuje poznámky pod čiarou
|
| 504 |
|
|
|a Obsahuje bibliografické odkazy
|
| 650 |
0 |
7 |
|a filozofia náboženstva
|2 SNKPH
|9 1936
|
| 650 |
0 |
7 |
|a metafyzika
|2 SNKPH
|9 810
|
| 650 |
0 |
7 |
|a Philosophy of religion
|2 SNKPHeng
|9 314812
|
| 650 |
0 |
7 |
|a Metaphysics
|2 SNKPHeng
|9 302772
|
| 650 |
0 |
7 |
|a náboženstvo
|2 SNKPH
|9 2023
|
| 650 |
0 |
7 |
|a Religion
|2 SNKPHeng
|9 265085
|
| 650 |
0 |
7 |
|a obeta
|2 SNKPH
|9 26891
|
| 650 |
0 |
7 |
|a offering
|2 SNKPHeng
|9 402338
|
| 655 |
|
7 |
|a úvahy
|2 SNKPH
|9 29403
|
| 655 |
|
7 |
|a Essays
|2 SNKPHeng
|9 267540
|
| 700 |
1 |
|
|a Kyslan, Peter,
|d 1984-
|4 trl
|4 bjd
|9 216311
|
| 700 |
1 |
|
|a Sucharek, Pavol,
|d 1981-
|4 trl
|9 222309
|
| 700 |
1 |
|
|a Pukan, Miron,
|d 1979-
|4 trl
|9 103182
|
| 700 |
1 |
|
|a Fuják, Július,
|d 1966-
|4 rev
|9 14853
|
| 700 |
1 |
|
|a Ambrozy, Marián,
|d 1976-
|4 rev
|9 122281
|
| 810 |
2 |
|
|a Prešovská univerzita v Prešove.
|b Filozofická fakulta
|t Opera Philosophica
|9 339625
|
| 852 |
|
|
|a Slovenská národná knižnica
|
| 919 |
|
|
|a 978-80-555-3184-7
|
| 954 |
|
|
|a duchovná literatúra cudzojazyčná (svetová)
|2 lita
|
| 958 |
|
|
|a NB
|
| 958 |
|
|
|a NT
|
| 999 |
|
|
|c 1094875
|d 1096805
|
| 952 |
|
|
|a SNK
|b SNK
|y PREZ
|7 0
|p 17A1547327
|o snkSD 92480
|i snk2024/7815
|8 0
|0 0
|1 0
|4 0
|d 2024-05-17
|l 0
|r 2026-02-24 17:10:33
|w 2026-02-24
|
| 952 |
|
|
|a SNK
|b SNK
|y VYP
|7 0
|p 17A1547326
|o snkSD 92480 D1
|i snk2024/7816
|8 0
|0 0
|1 0
|4 0
|d 2024-05-17
|l 0
|r 2026-02-24 17:10:33
|w 2026-02-24
|